Amis 1 et compagnie - Méthode de Français - A1 - 1 CD audio individuel (Record no. 121979)

MARC details
000 -LÍDER
campo de controle de tamanho fixo 00313 a2200121 4500
001 - NÚMERO DE CONTROLE
campo de controle 121979
020 ## - ISBN - INTERNATIONAL STANDARD BOOK NUMBER
ISBN - International Standard Book Number 9782090327694
040 ## - FONTE DA CATALOGAÇÃO
Instituição que transcreveu o registro Escola Canadense de Niteroi
090 ## - NÚMERO DE CHAMADA LOCAL
Número de chamada (OCLC) (R); Número de chamada, CALL (RLIN) (NR) MUSIC
100 ## - ENTRADA PRINCIPAL--NOME PESSOAL
Nome pessoal Colette Samson
245 10 - TÍTULO
Título Amis 1 et compagnie - Méthode de Français - A1 - 1 CD audio individuel
942 ## - ELEMENTOS DE ENTRADA ADICIONADOS (KOHA)
Tipo de material Koha Materiais pedagógicos
Holdings
Situação do descarte Situação das perdas Situação física Não pode ser emprestado Biblioteca de origem Biblioteca atual Data de aquisição Total de empréstimos Número de chamada completo Código de barras Data de último acesso Data do preço efetivo Tipo de material Koha
        Canadian School of Niterói - Piratininga Canadian School of Niterói - Piratininga 09/02/2024   MUSIC A07157 09/02/2024 09/02/2024 Materiais pedagógicos